00841nam a22002177a 4500003000400000005001700004008004100021020001800062040002900080050002400109100003400133245009100167260002500258300002700283650005300310650003100363700003200394942001500426952016500441999001700606OSt20260617145636.0260617b |||||||| |||| 00| 0 eng d a9781416607632 cChuka University Library aLB 1590.3b.C6 2009 aCosta, Arthur L. (Ed.)929782 aHabits of Mind Across the Curriculum : Practical and Creative Strategies for teachers  aVirginiabASCDc2009 axv, 237ppbIllustrated aThought and Thinking - Study and teaching920519 aCurriculum planning911855 aKallick, Bena ( Ed.)929783 2lcccBKn0 00102lcc40708LGLaCHKbCHKcGENd2026-06-17eDonation from Books for Africag4290.54l0oLB 1590.3 .C6 2009p35100/2026r2026-06-17 14:58:44w2026-06-17yBK c24581d24581